Missing Word: Beyoncé Songs Quiz Stats

 Plays Quiz Updated Jul 31, 2014

Support Sporcle.
Go Orange.
Score 0/20 Timer 03:00
0 Plays Today
Song Missing Word % Correct
Crazy in ____Love
99.4%
Déjà ____Vu
91.8%
Single ____ (Put a Ring on It)Ladies
90.2%
Me, ____, and IMyself
88.1%
If I Were a ____Boy
87.3%
Until the ____ of TimeEnd
84.1%
'03 ____ & ClydeBonnie
82.5%
Run the ____ (Girls)World
80.7%
Broken-____ GirlHearted
77.3%
____ the AlarmRing
65.2%
Song Missing Word % Correct
Love on ____Top
64.1%
Video ____Phone
55.7%
____ BoyBaby
52.5%
Beautiful ____Liar
47.7%
Love in This ____, Part IIClub
45.4%
____ GirlNaughty
42.6%
____ It OutWork
39.3%
____ in Love 2Dangerously
32.8%
The ____ I Get to YouCloser
31.4%
____ OffLift
9.7%

Today's Daily Dose

Word Ladder
GOT7 Songs

Quick Pick
Women Comedians

Get the Picture
Collectibles

From the Vault

'M' Celebrity Images

by sproutcm

Mmmmm...celebrities...
Remove Ads.
Support Sporcle.
Get the best of Sporcle when you Go Orange. This ad-free experience offers more features, more stats, and more fun while also helping to support Sporcle. Thank you for becoming a member.

Show Comments

Extras

Top Quizzes Today


Score Distribution

Your Account Isn't Verified!

In order to create a playlist on Sporcle, you need to verify the email address you used during registration. Go to your Sporcle Settings to finish the process.

Report this User

Report this user for behavior that violates our Community Guidelines.

Details: